000 00945nam a2200289Ia 4500
001 A0156
003 IT-RoPAU
008 130308s9999 xx 000 0 und d
040 _aIT-RoPAU
040 _cIT-RoPAU
041 _aFRANCESE
100 _aAA.VV.
100 _gCodice Aut. SPICS: 12000
245 _aRoland Barthes et la photo: le pire des signes
245 _bRoland Barthes et la Photo: le Pire des Signes
250 _a1a ed.
260 _aLAPLUME/PARIS
260 _bACCP
260 _c1990 [1° Ed.:1990 - Ed.Ling.Originale:1990]
300 _a"88 p. (prefazione: no ; testo: 88 [pagine: 0-0])"
500 _aRoland Barthes e la Fotografia. Peggiore dei Segni. contributi di Autori Vari. intervista a Barthes Sulla Fotografia. Portfolio di Michel Delaborde Eun Altro di Daniel Boudinet.
650 _aLINGUAGGIO FOTOGRAFICO
650 _eCodice materia Spics: 6754
942 _cBK
957 _71
999 _c92596
_d92596
999 _g1